|
|
|
|
| LEADER |
00000nas a2200000 a 4500 |
| 001 |
ssj0025292 |
| 003 |
WaSeSS |
| 005 |
20200512172242.0 |
| 006 |
m d |
| 007 |
cr n |
| 008 |
041027c19919999si fr p s glwf0 0eng c |
| 010 |
|
|
|a 2008228700
|
| 016 |
7 |
|
|a 000027514505
|2 AU
|
| 022 |
|
|
|y 0218-2173
|
| 035 |
|
|
|a (WaSeSS)ssj0025292
|
| 037 |
|
|
|b Paper version available from: Faculty of Law, National University of Singapore, 10 Kent Ridge Crescent, Singapore 0511
|
| 037 |
|
|
|a 22573/ctt1gc2pw4
|b JSTOR
|
| 040 |
|
|
|a GAO
|b eng
|e pn
|c GAO
|d OCLCQ
|d DOS
|d CSFLA
|d RCJ
|d OCLCQ
|d OCLCA
|d OCLCF
|d OCLCO
|d OCLCQ
|d OCLCO
|d TEF
|d OCLCA
|d AU@
|d OCLCO
|d UUM
|d CUS
|d OCLCO
|d WaSeSS
|
| 042 |
|
|
|a pcc
|
| 043 |
|
|
|a a-si---
|
| 050 |
|
4 |
|a K23
|b .I76
|
| 082 |
0 |
4 |
|a 340.05
|2 23
|
| 245 |
0 |
0 |
|a Singapore journal of legal studies
|h [electronic resource].
|
| 246 |
1 |
3 |
|a SJLS
|
| 246 |
1 |
3 |
|a S.J.L.S.
|
| 246 |
1 |
3 |
|a Sing. J. Legal Stud
|
| 260 |
|
|
|a Singapore :
|b Faculty of Law, National University of Singapore,
|c [1991]-
|
| 310 |
|
|
|a Semiannual
|
| 362 |
1 |
|
|a Began with July 1991.
|
| 506 |
|
|
|a License restrictions may limit access.
|
| 538 |
|
|
|a Mode of access: World Wide Web.
|
| 580 |
|
|
|a Continued in part by: Singapore journal of international & comparative law.
|
| 588 |
|
|
|a Description based on first issue; title from v. title page (Hein Online, viewed June 18, 2008).
|
| 588 |
|
|
|a Latest issue consulted: Dec. 2014 (JSTOR Website, viewed March 20, 2017).
|
| 650 |
|
0 |
|a Law reviews
|z Singapore.
|
| 650 |
|
0 |
|a Law
|z Singapore
|v Periodicals.
|
| 650 |
|
7 |
|a Law.
|2 fast
|0 (OCoLC)fst00993678
|
| 650 |
|
7 |
|a Law reviews.
|2 fast
|0 (OCoLC)fst00994120
|
| 651 |
|
7 |
|a Singapore.
|2 fast
|0 (OCoLC)fst01205288
|
| 655 |
|
0 |
|a Electronic journals.
|
| 710 |
2 |
|
|a National University of Singapore.
|b Faculty of Law.
|
| 776 |
0 |
8 |
|i Print version:
|t Singapore journal of legal studies
|x 0218-2173
|w (DLC) 91946309
|w (OCoLC)24914783
|
| 780 |
0 |
0 |
|t Malaya law review
|w (DLC) 2008228699
|w (OCoLC)56826234
|
| 785 |
0 |
1 |
|t Singapore journal of international & comparative law
|w (DLC) 2007228558
|w (OCoLC)56713079
|
| 856 |
4 |
0 |
|z Full text available from Research Library: 07/01/2004 to 12/31/2017
|u https://search.proquest.com/publication/38733
|
| 856 |
4 |
0 |
|z Full text available from Research Library: 01/01/2019 to present
|u https://search.proquest.com/publication/38733
|